[Event "6th Mayors Cup 2013"]
[Site "Mumbai IND"]
[Date "2013.05.30"]
[Round "3"]
[White "Yagupov,I"]
[Black "Siva Mahadevan"]
[Result "1-0"]
[WhiteElo "2428"]
[BlackElo "1922"]

1.e4 c5 2.Nf3 d6 3.d4 cxd4 4.Nxd4 Nf6 5.Nc3 Nc6 6.Bg5 e6 7.Qd2 Be7 8.O-O-O O-O
9.Nb3 Qb6 10.f3 a6 11.g4 Rd8 12.Be3 Qc7 13.Qf2 Nd7 14.Kb1 b5 15.h4 Nce5 16.g5 Nc4
17.Bxc4 bxc4 18.Nd4 Rb8 19.Ka1 Nc5 20.Nde2 Bd7 21.Bd4 Rb7 22.Rb1 Rdb8 23.Rhg1 Bf8
24.h5 Be8 25.Nf4 d5 26.Nfxd5 exd5 27.Nxd5 Qa5 28.Bc3 Qa4 29.Qd4 Ne6 30.Qe5 Bc6
31.g6 hxg6 32.hxg6 Nc5 33.Nf6+ gxf6 34.Qxf6 fxg6 35.Rxg6+ Kh7 36.Rh1+ Bh6
37.Qg7+ Rxg7 38.Rxg7+ Kh8 39.Rxh6+  1-0

[Event "OKU Open A 2013"]
[Site "Maarssen NED"]
[Date "2013.06.01"]
[Round "4.3"]
[White "Pruijssers,R"]
[Black "Van Osch,Mees"]
[Result "1-0"]
[WhiteElo "2558"]
[BlackElo "2147"]

1.e4 c5 2.Nf3 d6 3.d4 cxd4 4.Nxd4 Nf6 5.Nc3 Nc6 6.Bg5 Bd7 7.Be2 Qa5 8.Bxf6 gxf6
9.Nf5 Bxf5 10.exf5 Qxf5 11.Nd5 Rc8 12.O-O Rg8 13.Re1 e6 14.c4 Be7 15.Ne3 Qg5
16.Bf3 Kf8 17.Qa4 Rc7 18.g3 Kg7 19.Bg2 Kh8 20.b4 b5 21.cxb5 Nd4 22.Qa5 Rgc8
23.Rad1 Nc2 24.Nxc2 Rxc2 25.Qxa7 R8c7 26.Qa5 d5 27.b6 Rc8 28.Qa7 Bd6 29.Qxf7 Qf5
30.Rf1 Rb8 31.Qd7 Bxb4 32.Rxd5 Qg6 33.Qxe6 Re8 34.b7 f5 35.Qe5+  1-0

[Event "70th ch-GEO w 2013"]
[Site "Tbilisi GEO"]
[Date "2013.06.03"]
[Round "7.6"]
[White "Melia,S"]
[Black "Kuchava,A"]
[Result "1-0"]
[WhiteElo "2423"]
[BlackElo "2098"]

1.e4 c5 2.Nf3 d6 3.d4 cxd4 4.Nxd4 Nf6 5.Nc3 Nc6 6.Bg5 e6 7.Qd2 Be7 8.O-O-O Nxd4
9.Qxd4 O-O 10.f4 Qa5 11.e5 dxe5 12.Qxe5 Qxe5 13.fxe5 Nd5 14.Bxe7 Nxe7 15.Bd3 b6
16.Be4 Rb8 17.Rhe1 Bb7 18.Nb5 Bxe4 19.Rxe4 Nc6 20.Rd6 Rfc8 21.Rc4 Nxe5 22.Rxc8+ Rxc8
23.Nxa7 Rb8 24.Nc6 Nxc6 25.Rxc6 g5 26.a4 Kg7 27.c4 e5 28.g4 f6 29.b4 Kf7
30.b5 Ke7 31.Kc2 e4 32.Kd2 Ra8 33.Rxb6 Rxa4 34.Rc6 Ra2+ 35.Ke3 Rxh2 36.b6 Rb2
37.Kxe4 Rg2 38.c5 Rxg4+ 39.Kd5 Rb4 40.Rc7+ Kd8 41.Rxh7 f5 42.b7 f4 43.c6  1-0

[Event "Grand Europe Open Albena"]
[Site "Albena BUL"]
[Date "2013.06.04"]
[Round "4.21"]
[White "Smith,Bry"]
[Black "Atakisi,U"]
[Result "1/2-1/2"]
[WhiteElo "2467"]
[BlackElo "2351"]

1.e4 c5 2.Nf3 d6 3.d4 cxd4 4.Nxd4 Nf6 5.Nc3 Nc6 6.Bg5 Bd7 7.Be2 Qa5 8.Bxf6 gxf6
9.O-O Qg5 10.Nd5 Rg8 11.g3 Rc8 12.c3 e6 13.f4 Qh4 14.Ne3 Nxd4 15.cxd4 f5
16.exf5 exf5 17.Bf3 Qxf4 18.Qd3 Qg5 19.Bxb7 Rb8 20.Nxf5 Kd8 21.Qa6 Bxf5 22.Qb6+ Kd7
23.Qb5+ Kd8 24.Rxf5 Qd2 25.Rxf7 Be7 26.Raf1 Qxd4+ 27.Kh1 h5 28.Qa5+ Qb6 29.Qxb6+ axb6
30.Bd5 Rg5 31.R1f5 Rxf5 32.Rxf5 h4 33.gxh4 Bxh4 34.Rf8+ Kc7 35.Rf7+ Kd8 36.Rf8+ Kc7
37.Rxb8 Kxb8 38.Kg2 Kc7 39.a4 Kd8 40.Kh3 Bf6 41.b3 Be5 42.Kg2 Ke7 43.h4 Kf6
44.Kf3 Kg7 45.Ke4 Bh2 46.Be6 Bg1 47.Kd5 Bf2 48.h5 Bg1 49.Kxd6 Bf2 50.Kc6 Bg1
51.Kb5 Bf2  1/2-1/2

[Event "Grand Europe Open Albena"]
[Site "Albena BUL"]
[Date "2013.06.05"]
[Round "5.8"]
[White "Molina,Rob"]
[Black "Gupta,Ab"]
[Result "1-0"]
[WhiteElo "2423"]
[BlackElo "2600"]

1.e4 c5 2.Nf3 d6 3.d4 cxd4 4.Nxd4 Nf6 5.Nc3 Nc6 6.Bg5 e6 7.Qd2 a6 8.O-O-O Bd7
9.f4 b5 10.Bxf6 gxf6 11.Kb1 Qb6 12.Nxc6 Bxc6 13.Qe1 Be7 14.Bd3 Qc5 15.f5 b4
16.Ne2 e5 17.Ng3 h5 18.Qe2 h4 19.Nf1 a5 20.Ne3 a4 21.Bc4 Bxe4 22.Bd5 Bxd5
23.Rxd5 Qc6 24.Qb5 Kd7 25.Qxb4 Rhb8 26.Qa3 Ra6 27.c4 h3 28.Rc1 hxg2 29.Nxg2 Rab6
30.Rc2 Rb4 31.Qc3 Ke8 32.Ne3 Bf8 33.Rd1 Qf3 34.Qd3 a3 35.b3 Bh6 36.Re1 Bxe3
37.Rxe3 Qh1+ 38.Rc1 Qxh2 39.Re2 Qf4 40.Rec2 R4b6 41.Rf1 Qg4 42.Rd2 Kf8 43.Qc2 e4
44.Rg2 Qh3 45.Ka1 Re8 46.Qf2 Qc3+ 47.Kb1 Reb8 48.Rc1 Qe5 49.Qe3 Qxf5 50.Rf2 Qe5
51.Rd1 f5 52.Rd5 f4 53.Qc1 Qg7 54.Rxf4 e3 55.Re4 Qh7 56.Qc2 Qg6 57.Rxe3 Qf6
58.Rf5 Qd4 59.Rxf7+ Kxf7 60.Qh7+ Kf8 61.Qe7+ Kg8 62.Rg3+ Kh8 63.Rh3+ Kg8
64.Qe6+ Kg7 65.Rg3+  1-0

[Event "Grand Europe Open Albena"]
[Site "Albena BUL"]
[Date "2013.06.06"]
[Round "6.19"]
[White "Gruenfeld,Y"]
[Black "Atakisi,U"]
[Result "1-0"]
[WhiteElo "2445"]
[BlackElo "2351"]

1.e4 c5 2.Nf3 d6 3.d4 cxd4 4.Nxd4 Nf6 5.Nc3 Nc6 6.Bg5 Bd7 7.Qd2 Rc8 8.f4 h6
9.Bxf6 gxf6 10.O-O-O Nxd4 11.Qxd4 Qa5 12.Kb1 Qc5 13.Qd3 Bg7 14.Nd5 a5 15.f5 Ba4
16.Nc3 Bc6 17.Qg3 Kf8 18.Bd3 h5 19.Qh4 Bh6 20.Qxh5 Kg7 21.Qg4+ Kf8 22.Qh3 Kg7
23.Qg3+ Kf8 24.Rhe1 Bg5 25.Re2 b5 26.h3 b4 27.Nd5 Rh4 28.Qf3 a4 29.g4 a3
30.Ba6 Ra8 31.Qd3 axb2 32.Bc4 Ra3 33.Qd4 Raxh3 34.Kxb2 Qa5 35.Nxe7 Qa3+ 36.Kb1 Ba4
37.Ng6+ Kg7 38.Qd5 Be8 39.Nxh4 Rxh4 40.Qxd6 Qc3 41.Bb3 Qf3 42.Ree1 Bf4 43.Qe7 Kh8
44.g5 Bxg5 45.Rg1 Qe3 46.e5  1-0

[Event "Grand Europe Open Albena"]
[Site "Albena BUL"]
[Date "2013.06.07"]
[Round "7.32"]
[White "Kanmazalp,O"]
[Black "Primbetov,K"]
[Result "1-0"]
[WhiteElo "2382"]
[BlackElo "2225"]

1.e4 c5 2.Nf3 d6 3.d4 cxd4 4.Nxd4 Nf6 5.Nc3 Nc6 6.Bg5 Bd7 7.Qd2 Nxd4 8.Qxd4 h6
9.Bxf6 gxf6 10.O-O-O Qa5 11.Bc4 Rc8 12.Bb3 Qc5 13.Qd2 e6 14.Rhe1 h5 15.Kb1 Rg8
16.f4 Kd8 17.e5 f5 18.exd6 Rc6 19.Re3 a6 20.Rd3 h4 21.Na4 Qa7 22.c4 b6 23.Qf2 Rg4
24.Nc3 Qb8 25.Ne2 Rxd6 26.h3 Rxd3 27.Rxd3 Bc5 28.Qf3 Rg7 29.Ba4 f6 30.Qc6 Qc7
31.Qxe6 b5 32.cxb5 Re7 33.b6 Bxb6 34.Rxd7+ Rxd7 35.Bxd7  1-0

[Event "43rd Open A Bosna 2013"]
[Site "Sarajevo BIH"]
[Date "2013.06.07"]
[Round "8.5"]
[White "Djukic,Ni"]
[Black "Kozul,Z"]
[Result "1-0"]
[WhiteElo "2539"]
[BlackElo "2606"]

1.e4 c5 2.Nf3 d6 3.d4 cxd4 4.Nxd4 Nf6 5.Nc3 Nc6 6.Bg5 e6 7.Qd2 a6 8.O-O-O Bd7
9.f3 b5 10.Nxc6 Bxc6 11.Ne2 Bb7 12.Nd4 h6 13.Be3 Qc7 14.Bd3 e5 15.Nf5 d5
16.exd5 Nxd5 17.Be4 O-O-O 18.Qf2 g6 19.Bxd5 Rxd5 20.Bb6 Qc4 21.Ne3 Qxa2 22.Nxd5 Bxd5
23.Bc5 Bg7 24.Bd6 Kb7 25.Qc5 Bc6 26.Bxe5 Bxe5 27.Qxe5 Qa1+ 28.Kd2 Qa5+ 29.Qc3 Rd8+
30.Ke2 b4 31.Qf6 Re8+ 32.Kf2 Qc5+ 33.Qd4 Qxc2+ 34.Rd2 Qb3 35.Rc1 Re6 36.Qf4 g5
37.Rd7+ Bxd7 38.Qc7+ Ka8 39.Qd8+ Kb7 40.Qxd7+ Kb6 41.Qc7+  1-0

[Event "XV Foment Martinenc"]
[Site "Barcelona ESP"]
[Date "2013.06.08"]
[Round "8.5"]
[White "Garrido Fernandez,Dan"]
[Black "Jerez Perez,A"]
[Result "1/2-1/2"]
[WhiteElo "2287"]
[BlackElo "2400"]

1.e4 c5 2.Nf3 d6 3.d4 cxd4 4.Nxd4 Nf6 5.Nc3 Nc6 6.Bg5 e6 7.Qd2 Be7 8.O-O-O Nxd4
9.Qxd4 O-O 10.f3 Bd7 11.g4 Bc6 12.h4 d5 13.e5 Nd7 14.Bxe7 Qxe7 15.h5 Qc5
16.Qxc5 Nxc5  1/2-1/2

[Event "Zonal 3.4 2013"]
[Site "Osh KGZ"]
[Date "2013.06.08"]
[Round "2"]
[White "Filippov,An UZB"]
[Black "Akkozov,B"]
[Result "1-0"]
[WhiteElo "2644"]
[BlackElo "2377"]

1.e4 c5 2.Nf3 d6 3.d4 cxd4 4.Nxd4 Nf6 5.Nc3 Nc6 6.Bg5 e6 7.Qd2 Qb6 8.Nb3 Be7
9.Bd3 O-O 10.O-O a6 11.Rae1 Qc7 12.Re3 b5 13.Rg3 Kh8 14.f4 b4 15.Nd1 a5 16.Rh3 e5
17.f5 Bb7 18.Qe1 Nb8 19.Qh4 Nbd7 20.g4 g6 21.Ne3 a4 22.Bb5 Bc6 23.Bxc6 Qxc6
24.fxg6 fxg6 25.Rxf6  1-0

[Event "3rd Ortega Rating"]
[Site "Ortega COL"]
[Date "2013.06.09"]
[Round "5.14"]
[White "Contreras,H"]
[Black "Palacio,P"]
[Result "1-0"]
[WhiteElo "2229"]
[BlackElo "1944"]

1.e4 c5 2.Nf3 Nc6 3.d4 cxd4 4.Nxd4 Nf6 5.Nc3 d6 6.Bg5 Bd7 7.Qd2 a6 8.O-O-O b5
9.f3 b4 10.Nce2 Nxd4 11.Nxd4 Qa5 12.Bc4 Rc8 13.Bb3 g6 14.Kb1 Bg7 15.g4 O-O
16.h4 Rfe8  1-0

[Event "FSFMA June 2013"]
[Site "Budapest HUN"]
[Date "2013.06.10"]
[Round "10.4"]
[White "Darazs,Z"]
[Black "Mester,A"]
[Result "1-0"]
[WhiteElo "2142"]
[BlackElo "2075"]

1.e4 c5 2.Nf3 d6 3.d4 cxd4 4.Nxd4 Nf6 5.Nc3 Nc6 6.Bg5 e6 7.Qd2 a6 8.O-O-O Bd7
9.f4 b5 10.Bxf6 gxf6 11.f5 b4 12.fxe6 fxe6 13.Nxc6 Bxc6 14.Nd5 a5 15.Qf4 Kf7
16.Be2 h5 17.Qh4 Bh6+ 18.Kb1 Bg5 19.Bxh5+ Kf8 20.Qg4 f5 21.exf5 exd5 22.f6 Bxf6
23.Rhf1 Rh6 24.Rde1 Bd7 25.Qg5  1-0

[Event "2nd Grand Europe Open 2013"]
[Site "Golden Sands BUL"]
[Date "2013.06.10"]
[Round "1.39"]
[White "Xylogiannopoulos,A"]
[Black "Ashwin,J"]
[Result "0-1"]
[WhiteElo "2129"]
[BlackElo "2472"]

1.e4 c5 2.Nf3 d6 3.d4 cxd4 4.Nxd4 Nf6 5.Nc3 Nc6 6.Bg5 e6 7.Qd2 a6 8.O-O-O Bd7
9.f4 Be7 10.Nf3 b5 11.Bxf6 gxf6 12.Kb1 Qb6 13.f5 O-O-O 14.Ne2 Kb8 15.Nf4 Bc8
16.Bd3 d5 17.exd5 exd5 18.Rhe1 Bb4 19.c3 Bc5 20.Nh5 d4 21.cxd4 Nxd4 22.Qf4+ Qd6
23.Nxd4 Bxd4 24.Qxd6+ Rxd6 25.Bc2 Rhd8 26.Re7 R6d7 27.Rxd7 Rxd7 28.Bb3 Be5
29.Rxd7 Bxd7 30.g4 Bc6 31.Bxf7 Bf3 32.h3 Bg2 33.h4 Bh3 34.Ng7 Bxg4 35.b3 Kc7
36.a4 bxa4 37.bxa4 a5 38.Kc2 Kd6 39.Kd3 Bg3 40.h5 h6 41.Ke4 Bd1 42.Be8 Be5
43.Bb5 Bc2+ 44.Ke3 Bc3 45.Be8 Ke5 46.Bd7 Bb4 47.Kf3 Bd1+ 48.Ke3 Bg4 49.Kf2 Kd6
50.Ne8+ Ke7 51.Kg3 Bxh5 52.Ng7 Be2 53.Kf2 Bd3 54.Ke3 Bc2 55.Bb5 Kf7  0-1

[Event "3rd Ortega Rating"]
[Site "Ortega COL"]
[Date "2013.06.10"]
[Round "8.5"]
[White "Franco Valencia,A"]
[Black "Martinez Romero,M"]
[Result "0-1"]
[WhiteElo "2165"]
[BlackElo "2405"]

1.e4 c5 2.Nf3 d6 3.d4 cxd4 4.Nxd4 Nf6 5.Nc3 Nc6 6.Bg5 e6 7.Qd2 a6 8.O-O-O h6
9.Bh4 Nxe4 10.Bxd8 Nxd2 11.Bb6 Nxf1 12.Rhxf1 Bd7 13.Nb3 Ne5 14.Na5 Bc6 15.Nxc6 Nxc6
16.f4 f5 17.Rfe1 Kf7 18.Re2 h5 19.Rde1 Rh6 20.Nd1 Be7 21.c3 Bd8 22.Bxd8 Rxd8
23.Nf2 Re8 24.Nh3 e5 25.Ng5+ Kg8 26.h4 e4 27.Rd2 Ne7 28.Red1 d5 29.a4 Rc6
30.Rd4 Rb8 31.Kb1 a5 32.Ka2 g6 33.Nh3 b5 34.axb5 Rxb5 35.R1d2 Rcc5 36.Ng1 Nc6
37.Ra4 d4 38.cxd4 e3 39.Re2 Rc1 40.Nf3 Nb4+ 41.Rxb4 Rxb4 42.Rxe3 Rc2 43.Rb3 Rxg2
44.Rxb4 axb4 45.Ne5 Kg7 46.Kb3 Rg4 47.Kxb4 Rxh4 48.Kc5 Rxf4 49.b4 h4 50.b5 h3
51.b6 Rf1 52.Nd3 h2 53.b7 Rb1 54.Nb4 Rxb4 55.Kxb4 h1=Q  0-1

[Event "2nd Grand Europe Open 2013"]
[Site "Golden Sands BUL"]
[Date "2013.06.11"]
[Round "2.23"]
[White "Atakisi,U"]
[Black "Venkatesh,M"]
[Result "0-1"]
[WhiteElo "2351"]
[BlackElo "2506"]

1.e4 c5 2.Nf3 Nc6 3.d4 cxd4 4.Nxd4 Nf6 5.Nc3 d6 6.Bg5 e6 7.Qd2 a6 8.O-O-O Bd7
9.f4 b5 10.Bxf6 gxf6 11.Nxc6 Bxc6 12.f5 h5 13.Kb1 Qb6 14.h4 b4 15.Ne2 e5
16.Ng3 Qc5 17.Qe2 Bb5 18.Qf3 Rc8 19.Bxb5+ axb5 20.Qe2 Qc4 21.Rd3 Be7 22.b3 Qc6
23.Rd5 Kf8 24.Rc1 Ra8 25.c4 bxc3 26.Nxh5 b4 27.g4 Rg8 28.g5 fxg5 29.f6 Bd8
30.Qd1 gxh4 31.a4 Rg5 32.Rxd6 Qxe4+ 33.Ka1 Bc7 34.Rd7 Qc6 35.Rxc7 Qxc7 36.Qh1 Qa7
37.Qxh4 Qe3 38.Qxb4+ Kg8 39.Rh1 Rg1+  0-1

[Event "2nd Grand Europe Open 2013"]
[Site "Golden Sands BUL"]
[Date "2013.06.12"]
[Round "3.60"]
[White "Xylogiannopoulos,A"]
[Black "Atakisi,U"]
[Result "0-1"]
[WhiteElo "2129"]
[BlackElo "2351"]

1.e4 c5 2.Nf3 d6 3.d4 cxd4 4.Nxd4 Nf6 5.Nc3 Nc6 6.Bg5 Bd7 7.Qd2 Rc8 8.f4 h6
9.Bxf6 gxf6 10.Nf5 Qa5 11.Bd3 Nb4 12.O-O e6 13.Ne3 Nxd3 14.Qxd3 h5 15.Rad1 Qc5
16.e5 f5 17.Kh1 h4 18.h3 Rg8 19.exd6 Rg3 20.Rf3 Rxf3 21.gxf3 Rc6 22.Qe2 Rxd6
23.Nc4 Rxd1+ 24.Nxd1 Qd4 25.Nde3 Qxf4 26.Nd5 Qg3 27.Nf6+ Ke7 28.Nxd7 Qxh3+
29.Kg1 Qg3+ 30.Kh1 Kxd7 31.Qd3+ Bd6 32.Nxd6 Qxd6 33.Qb5+ Qc6 34.Qd3+ Ke7
35.Qa3+ Kf6 36.Qd3 Kg6 37.Kg2 Qc7 38.Kh1 Qg3 39.Qe2 h3 40.c4 Kf6 41.b4 Qg2+
42.Qxg2 hxg2+ 43.Kxg2 Ke5 44.c5 Kd5 45.f4 a5 46.c6 Kxc6 47.bxa5 f6  0-1

[Event "17th Petr Izmailov"]
[Site "Tomsk RUS"]
[Date "2013.06.12"]
[Round "2.4"]
[White "Shomoev,A"]
[Black "Petrukhina,I"]
[Result "1-0"]
[WhiteElo "2565"]
[BlackElo "2204"]

1.e4 c5 2.Nf3 Nc6 3.d4 cxd4 4.Nxd4 Nf6 5.Nc3 d6 6.Bg5 e6 7.Qd2 Be7 8.O-O-O O-O
9.f4 Nxd4 10.Qxd4 Qa5 11.Bc4 Bd7 12.Bxf6 Bxf6 13.e5 Be7 14.exd6 Bf6 15.Qd3 Bxc3
16.Qxc3 Qxc3 17.bxc3 Rfc8 18.Bb3 a5 19.a4 Rxc3 20.f5 Rac8 21.Kb2 Re3 22.Rhe1 Rcc3
23.fxe6 fxe6 24.Rf1 Rc6 25.Rf4 h6 26.h4 Rb6 27.h5 Rg3 28.Rd2 Rb4 29.Rxb4 axb4
30.Rd4 Kf7 31.Rxb4 Bc6 32.Rf4+ Ke8 33.Bxe6 Rxg2 34.Rf7 Rd2 35.d7+ Bxd7 36.Rxd7 Rxd7
37.Bxd7+ Kxd7 38.a5 Ke6 39.c4 g6 40.hxg6 h5 41.g7 Kf7 42.a6 bxa6 43.c5  1-0

[Event "17th Petr Izmailov"]
[Site "Tomsk RUS"]
[Date "2013.06.13"]
[Round "3.1"]
[White "Nukin,A"]
[Black "Bocharov,D"]
[Result "0-1"]
[WhiteElo "2361"]
[BlackElo "2617"]

1.e4 c5 2.Nf3 Nc6 3.d4 cxd4 4.Nxd4 Nf6 5.Nc3 d6 6.Bg5 Qb6 7.Nb3 e6 8.Qd2 a6
9.O-O-O Qc7 10.Kb1 Rb8 11.f4 b5 12.Bd3 Be7 13.Rhe1 b4 14.Ne2 h6 15.Bxf6 Bxf6
16.Ng3 Be7 17.Bf1 O-O 18.Nh5 g6 19.f5 Kh7 20.Nf4 Ne5 21.Nd4 Bg5 22.g3 Re8
23.h4 Bf6 24.Qf2 Bg7 25.Bh3 Qc5 26.fxg6+ Nxg6 27.Rf1 Re7 28.Nfe2 Bb7 29.Bg2 Ne5
30.Qf4 Rc7 31.Rc1 a5 32.Rfd1 Ba6 33.g4 Bxe2 34.Nxe2 Nc4 35.e5 Bxe5 36.Be4+ Kg7
37.Qf3 Bxb2 38.g5 Be5  0-1

[Event "2nd Grand Europe Open 2013"]
[Site "Golden Sands BUL"]
[Date "2013.06.14"]
[Round "5.15"]
[White "Sengupta,D"]
[Black "Ermenkov,Evgenij"]
[Result "1/2-1/2"]
[WhiteElo "2548"]
[BlackElo "2425"]

1.e4 c5 2.Nf3 Nc6 3.d4 cxd4 4.Nxd4 Nf6 5.Nc3 d6 6.Bg5 e6 7.Qd2 a6 8.O-O-O Bd7
9.f3 Be7 10.Be3 b5 11.Nxc6 Bxc6 12.Ne2 Bb7 13.Nd4 O-O 14.g4 Qc7 15.g5 Nd7
16.h4 Rac8 17.g6 Bf6 18.h5 Rfe8 19.Kb1 fxg6 20.hxg6 hxg6 21.Qg2 Nf8 22.Bd3 Qe7
23.Ne2 e5 24.Bd2 Kf7 25.Rhg1 g5 26.c3 Ne6 27.Bc2 Rh8 28.Bb3 g6 29.f4 Ke8
30.fxg5 Bg7 31.Rh1 Nf4 32.Nxf4 exf4 33.Bd5 Rxh1 34.Rxh1 Bxd5 35.exd5 Rc4
36.Re1 Be5 37.b3 Rc7 38.Bxf4 Rxc3 39.Bxe5 dxe5 40.Qh2 Kd7 41.Rxe5 Qf7 42.Qg1 Qf4
43.Re2 b4 44.d6 Qxd6 45.Qg4+ Kc7 46.Kb2 Rd3 47.Qc4+ Kb7 48.Qe4+ Kb6 49.Qe6  1/2-1/2

[Event "1st Golden Apricot 2013"]
[Site "Malatya TUR"]
[Date "2013.06.14"]
[Round "8"]
[White "Ozer,Omer Faruk"]
[Black "Benidze,D"]
[Result "0-1"]
[WhiteElo "1871"]
[BlackElo "2495"]

1.e4 c5 2.Nf3 d6 3.d4 cxd4 4.Nxd4 Nf6 5.Nc3 Nc6 6.Bg5 e6 7.Qd2 a6 8.O-O-O Bd7
9.f3 Rc8 10.g4 b5 11.Nxc6 Bxc6 12.Kb1 Be7 13.Be3 h6 14.h4 Nd7 15.Qg2 Qc7
16.Bd3 Ne5 17.f4 Nxd3 18.cxd3 b4 19.Ne2 Ba4 20.Rc1 Bc2+ 21.Ka1 Qb7 22.Nd4 Bxd3
23.Rxc8+ Qxc8 24.Rc1 Qb7 25.Nc6 O-O 26.f5 Kh7 27.g5 exf5 28.exf5 Bxf5 29.gxh6 g6
30.Qd5 b3 31.Qd4 Rg8 32.Na5 Qe4 33.Nxb3 Bxh4 34.Qxe4 Bxe4 35.Rc7 Bd5 36.Nc1 Re8
37.Bd2 g5 38.Bb4 g4 39.Bxd6 g3 40.Rc2 g2 41.Bh2 Re1  0-1

[Event "17th Petr Izmailov"]
[Site "Tomsk RUS"]
[Date "2013.06.15"]
[Round "5.23"]
[White "Lazarenko,P"]
[Black "Petrukhina,I"]
[Result "0-1"]
[WhiteElo "2035"]
[BlackElo "2204"]

1.e4 c5 2.Nf3 Nc6 3.d4 cxd4 4.Nxd4 Nf6 5.Nc3 d6 6.Bg5 e6 7.Qd2 Be7 8.O-O-O O-O
9.f4 Nxd4 10.Qxd4 Qa5 11.e5 dxe5 12.Qxe5 Qxe5 13.fxe5 Nd5 14.Bxe7 Nxe7 15.Bd3 Nc6
16.Rhe1 Rd8 17.Be4 Bd7 18.Bf3 Kf8 19.a3 Ke7 20.Rd3 Rac8 21.b4 b6 22.Kb2 Be8
23.Bxc6 Bxc6 24.Re2 f6 25.Rh3 Rh8 26.Rg3 Rcg8 27.h4 f5 28.Rf2 g6 29.Ne2 Rd8
30.Rc3 Rc8 31.Nf4 Rhd8 32.g3 Rd1 33.b5 Bd7 34.Rxc8 Bxc8 35.Rf3 Bb7 36.Rc3 Rd7
37.Rd3 Rc7 38.a4 Kf7 39.Rc3 Re7 40.Kb3 h6 41.Kb4 g5 42.Ne2 Rd7 43.Rc4 Kg6
44.Nd4 Bd5 45.Rc3 gxh4 46.Ne2 Kg5 47.gxh4+ Kxh4 48.Rd3 Rc7 49.Rd4+ Kg5 50.c4 Be4
51.Rd6 f4 52.Nd4 Re7 53.Rd8 f3 54.Rf8 Kg4 55.Kc3 Bf5 56.Rg8+ Kf4 57.Rg1 f2
58.Rf1 Kg3 59.Rd1 Bh3 60.Ne2+ Kg2  0-1

[Event "2nd Grand Europe Open 2013"]
[Site "Golden Sands BUL"]
[Date "2013.06.16"]
[Round "7.31"]
[White "Bonafede,A"]
[Black "Ermenkov,Evgenij"]
[Result "1-0"]
[WhiteElo "2353"]
[BlackElo "2425"]

1.e4 c5 2.Nf3 Nc6 3.d4 cxd4 4.Nxd4 Nf6 5.Nc3 d6 6.Bg5 e6 7.Qd2 a6 8.f4 h6
9.Bxf6 Qxf6 10.Nxc6 bxc6 11.h4 Qd8 12.O-O-O Be7 13.g4 Qb6 14.Na4 Qc7 15.Bc4 d5
16.Bb3 dxe4 17.g5 Bd7 18.Qd4 hxg5 19.hxg5 Rxh1 20.Rxh1 Qxf4+ 21.Kb1 Rd8 22.g6 Bf8
23.gxf7+ Kxf7 24.Bc4 Ke8 25.Rf1 Qg4 26.Nc5 Qg3 27.Nxe4 Qh2 28.Nf6+ Ke7 29.Qc5+ Qd6
30.Ng8+ Ke8 31.Qh5+  1-0

[Event "8th Teplice Open 2013"]
[Site "Teplice CZE"]
[Date "2013.06.16"]
[Round "2.11"]
[White "Schou Moldt,T"]
[Black "Boros,De"]
[Result "0-1"]
[WhiteElo "2212"]
[BlackElo "2498"]

1.e4 c5 2.Nf3 d6 3.d4 cxd4 4.Nxd4 Nf6 5.Nc3 Nc6 6.Bg5 e6 7.Qd2 a6 8.O-O-O Bd7
9.f3 Be7 10.Kb1 b5 11.Nxc6 Bxc6 12.h4 Rc8 13.Bd3 h6 14.Be3 Nd7 15.g4 Ne5
16.Qf2 Qc7 17.Rc1 b4 18.Ne2 d5 19.Bf4 Bd6 20.Qg3 Rd8 21.g5 dxe4 22.fxe4 Ng6
23.Bxd6 Qxd6 24.Qe3 a5 25.Qa7 hxg5 26.hxg5 Rxh1 27.Rxh1 Qe5 28.Rf1 Ne7 29.Rh1 g6
30.Qf2 Nc8 31.Rf1 Nd6 32.Ng3 a4 33.Qb6 Bd7 34.Qe3 a3 35.bxa3 bxa3 36.Kc1 Bc6
37.Qb6 Qxg5+ 38.Kb1 Bb5 39.Rh1 Qe5 40.Bxb5+ Nxb5  0-1

[Event "8th Teplice Open 2013"]
[Site "Teplice CZE"]
[Date "2013.06.16"]
[Round "2.57"]
[White "Krutsky,Martin"]
[Black "Valenta,P"]
[Result "1/2-1/2"]
[WhiteElo "1736"]
[BlackElo "1963"]

1.e4 c5 2.Nf3 Nc6 3.d4 cxd4 4.Nxd4 d6 5.Nc3 Nf6 6.Bg5 e6 7.Qd2 h6 8.Bxf6 gxf6
9.O-O-O a6 10.Kb1 Qc7 11.g3 Bd7 12.f4 b5 13.Bg2 b4 14.Nce2 Rb8 15.Rhe1 a5
16.Nxc6 Bxc6 17.Nd4 Bd7 18.Qe2 a4 19.Qh5 e5 20.Nf5 a3 21.Rd2 axb2 22.Red1 Be6
23.Qf3 Qa7 24.Rd5 Ra8 25.Qb3 Bxd5 26.Qxd5 Rd8 27.Bf1 Be7 28.Bb5+ Kf8 29.Bc6 Rh7
30.Nh4 Kg8 31.Nf5  1/2-1/2

[Event "17th Petr Izmailov"]
[Site "Tomsk RUS"]
[Date "2013.06.16"]
[Round "6.5"]
[White "Nevostrujev,V"]
[Black "Sergeev,Alb"]
[Result "1-0"]
[WhiteElo "2440"]
[BlackElo "2346"]

1.e4 c5 2.Nf3 Nc6 3.d4 cxd4 4.Nxd4 Nf6 5.Nc3 d6 6.Bg5 e6 7.Qd2 a6 8.O-O-O Bd7
9.f4 b5 10.Bxf6 gxf6 11.f5 Qb6 12.Nce2 e5 13.Nxc6 Bxc6 14.Nc3 Rc8 15.Nd5 Bxd5
16.Qxd5 Bh6+ 17.Kb1 Ke7 18.Be2 Qc5 19.c3 Qxd5 20.Rxd5 Rhg8 21.g3 Rc6 22.a4 bxa4
23.Ra5 Ra8 24.Kc2 Be3 25.Ra1 Rc5 26.R1xa4 Rxa5 27.Rxa5 Bb6 28.Rxa6 Rxa6 29.Bxa6 Bg1
30.h3 Bf2 31.g4 h6 32.Kd3 Kd7 33.Bc4 Kc6 34.Bxf7 Kc5 35.b4+ Kc6 36.Kc4 Be1
37.Be8+ Kc7 38.Ba4 Bd2 39.Kd5 Bg5 40.Ke6 Bh4 41.Bb3 Bg5 42.Bd5 Bh4 43.c4 Bg5
44.b5 Bh4 45.Kf7 Bg5 46.Kg6 Kb6 47.Kh5  1-0

[Event "2nd Grand Europe Open 2013"]
[Site "Golden Sands BUL"]
[Date "2013.06.17"]
[Round "8.11"]
[White "Goumas,G"]
[Black "Rusev,K"]
[Result "0-1"]
[WhiteElo "2401"]
[BlackElo "2556"]

1.e4 c5 2.Nf3 d6 3.d4 Nf6 4.Nc3 cxd4 5.Nxd4 Nc6 6.Bg5 e6 7.Qd2 a6 8.O-O-O Bd7
9.f4 h6 10.Bh4 g5 11.fxg5 Ng4 12.Be2 Nge5 13.Nxc6 Bxc6 14.g3 Ng6 15.Kb1 Qa5
16.Rdf1 Bg7 17.Bh5 Bxc3 18.bxc3 Bxe4 19.Bxg6 Bxg6 20.gxh6 Kd7 21.Rf4 Rac8
22.Rb4 Rc5 23.Rxb7+ Kc6 24.Rb4 Rc8 25.Rd1 Qc7 26.Bf6 a5 27.Rd4 d5 28.Ka1 Kb7
29.Rh4 Bh7 30.Rb1+ Ka8 31.Qe2 Qc6 32.Ra4 Rb8 33.Rxb8+ Kxb8 34.Rg4 Rb5 35.a4 Rb7
36.Qd1 Qd6 37.Qc1 e5 38.Bxe5 Qxe5 39.Qf4 Qxf4 40.Rxf4 Bxc2 41.g4 Kc8 42.c4 Kd8
43.cxd5 Ke7 44.Rc4 Bh7 45.g5 Kd6 46.Rc6+ Kxd5 47.Ra6 Kc4 48.Rxa5 Re7 49.Rb5 Kc3
50.a5 Re4 51.Rb2 f6 52.gxf6 Re1+ 53.Ka2 Bg8+  0-1

[Event "7th Srebrno Jezero Open 2013"]
[Site "Srebrno jezero SRB"]
[Date "2013.06.18"]
[Round "7.9"]
[White "Savicevic,V"]
[Black "Sorgic,D"]
[Result "1/2-1/2"]
[WhiteElo "2327"]
[BlackElo "2249"]

1.e4 c5 2.Nf3 Nc6 3.d4 cxd4 4.Nxd4 Nf6 5.Nc3 d6 6.Bg5 e6 7.Qd2 a6 8.O-O-O Bd7
9.f4 b5 10.Bxf6 gxf6 11.g3 Qb6 12.Nce2 Rc8 13.Kb1 h5 14.f5 e5 15.Nxc6 Bxc6
16.Nc3 Qc5 17.Qe2 h4 18.Bg2 hxg3 19.hxg3 Rxh1 20.Rxh1 b4 21.Nd5 Bxd5 22.exd5 a5
23.Be4 Qc4 24.Qf3 a4 25.Bd3 Qc5 26.Rh4 Qb6 27.Rc4 Rxc4 28.Bxc4 a3 29.c3 Bh6
30.cxb4 Qd4 31.Bb5+ Ke7 32.bxa3 Qd2 33.Qf1 e4 34.Qc4 Kf8 35.Qc2 Qd4 36.Qc4 Qd2
37.Qc2 Qxd5 38.Bc6 Qd4 39.Bxe4 Kg7 40.b5 d5 41.Bd3 Be3 42.Be2 Qe5 43.a4 Bb6
44.a3 Qxg3 45.Ka2 Qe1 46.Bd3 Qe3 47.Qg2+ Kh6 48.Qxd5 Qd2+ 49.Kb3 Qd1+ 50.Ka2 Qd2+
51.Kb3 Qd1+ 52.Ka2  1/2-1/2

[Event "8th Teplice Open 2013"]
[Site "Teplice CZE"]
[Date "2013.06.19"]
[Round "5.10"]
[White "Weichhold,P"]
[Black "Andreev,Ed UKR"]
[Result "0-1"]
[WhiteElo "2382"]
[BlackElo "2498"]

1.e4 c5 2.Nf3 d6 3.d4 cxd4 4.Nxd4 Nf6 5.Nc3 Nc6 6.Bg5 e6 7.Qd2 a6 8.O-O-O Bd7
9.f4 Be7 10.Nf3 b5 11.Bd3 h6 12.Bh4 b4 13.Ne2 O-O 14.Rhg1 Ng4 15.Bxe7 Qxe7
16.Rdf1 d5 17.e5 Qc5 18.Re1 b3 19.axb3 Nf2 20.Kb1 Nb4 21.Nc1 Bb5 22.c4 Nfxd3
23.Nxd3 Nxd3 24.Qxd3 dxc4 25.Qd4 Qb4 26.bxc4 Bxc4 27.Re3 Rfd8 28.Qc3 Qa4  0-1

[Event "8th Teplice Open 2013"]
[Site "Teplice CZE"]
[Date "2013.06.21"]
[Round "7.20"]
[White "Weichhold,P"]
[Black "Hrbolka,L jr"]
[Result "1-0"]
[WhiteElo "2382"]
[BlackElo "2164"]

1.e4 c5 2.Nf3 d6 3.d4 cxd4 4.Nxd4 Nf6 5.Nc3 Nc6 6.Bg5 e6 7.Qd2 a6 8.O-O-O Bd7
9.f4 b5 10.Bxf6 gxf6 11.Nxc6 Bxc6 12.Bd3 Qb6 13.Kb1 b4 14.Ne2 Qc5 15.f5 e5
16.Ng3 h5 17.h4 a5 18.Qe2 a4 19.Bc4 Rc8 20.b3 Ke7 21.Rd3 a3 22.Rhd1 Rd8 23.Nxh5 Rd7
24.g4 Rxh5 25.gxh5 Bh6 26.Qg2 Bb5 27.Bxb5 Qxb5 28.c4 bxc3 29.Rxc3 Rd8 30.Qc2 Qb6
31.Rc6 Qe3 32.Rc7+ Kf8 33.Qc4 d5 34.exd5 Qf3 35.Qc2 Rxd5 36.Rxd5 Qxd5 37.Qc5+  1-0

[Event "8th Teplice Open 2013"]
[Site "Teplice CZE"]
[Date "2013.06.21"]
[Round "7.17"]
[White "Manik,M"]
[Black "Jedlicka,A"]
[Result "1-0"]
[WhiteElo "2413"]
[BlackElo "2231"]

1.e4 c5 2.Nf3 d6 3.d4 cxd4 4.Nxd4 Nf6 5.Nc3 Nc6 6.Bg5 a6 7.Qd2 e6 8.O-O-O h6
9.Be3 Bd7 10.f3 b5 11.a3 Be7 12.g4 Qb8 13.h4 b4 14.Nxc6 Bxc6 15.axb4 Qxb4
16.Qd4 a5 17.Bc4 Rb8 18.g5 hxg5 19.hxg5 Rxh1 20.Rxh1 Nd7 21.f4 e5 22.Rh8+ Bf8
23.Qd3 exf4 24.Bxf4 Ne5 25.Bxe5 dxe5 26.b3 a4 27.bxa4 Bxa4 28.Kd1 Bc6 29.Ke2 Qc5
30.g6 fxg6 31.Bb3 Rd8 32.Qh3 Bb5+ 33.Nxb5 Qxb5+ 34.c4 Qb6 35.Ba4+ Kf7 36.Bb3 Qf6
37.c5+ Ke7 38.Bd5 Rb8 39.Qa3 Rd8 40.c6+ Ke8 41.Qxf8+ Qxf8 42.Rxf8+ Kxf8 43.Be6 Rd6
44.c7 Rxe6 45.c8=Q+ Kf7 46.Kf3 Kf6 47.Kg4 Re7 48.Qf8+ Ke6 49.Kg5 Kd6 50.Kxg6 Kd7
51.Kf5  1-0